000 00586nam a2200229Ia 4500
003 OSt
005 20220928110502.0
006 a|||||r|||| 00| 0
007 ta
008 220927b |||||||| |||| 00| 0 eng d
024 _a129928
037 _cTextual
040 _aSDCL
_cSDCL
_beng
041 _2eng
_aeng
082 _aO152,1M:g, L5
100 _aMishrabandhu
_9419718
245 0 _aHindi-navratna.
260 _aLucknow
_bGanga Pustakmala
_c1975
300 _a488p.
_ccm.
942 _hO152,1M:g, L5
_cTEXL
_2CC
999 _c735859
_d735859